000 01111nam a22003257a 4500
001 BR2016002908
003 BR-BrBNA
005 20230928104917.0
007 ta
008 230509b bl.||||| |||| 00| 0 por d
040 _aBR-BrBNA
_bpor
_cBiblioteca Nacional de Agricultura
041 _a(Por)
072 _aP01; K01
090 _ P01 BR2016002908
110 1 _aGoverno do Rio de Janeiro, RJ (Brasil). Secretaria de Agricultura, Pecuária, Pesca e Abastecimento
_95412
110 1 _aEmpresa de Assistência Técnica e Extensão Rural do Rio de Janeiro, RJ (Brasil)
_94051
110 1 _aFundação Instituto Estadual de Floresta do Rio de Janeiro, RJ (Brasil)
245 1 _aRio floresta: bases legais e técnicas para implantação de projetos florestais
250 1 _a2. ed.
260 3 _aNiterói, RJ (Brasil):
_c2007.
300 _a29 p.
500 _a18 illus.; Glossary p. 28-29
650 _aRIO DE JANEIRO
650 _aPOLÍTICA FLORESTAL
650 _aLEGISLAÇÃO
650 _aMEIO AMBIENTE
650 _aCONSERVAÇÃO
909 _a202309
_bLucia
_c55
_dLucia Elande
942 _cBK
999 _c82392
_d82392